000 00210nam a22001097a 4500
999 _c12842
_d12842
020 _a9789353061319
082 _a371.26
100 _aDr.Nilam
245 _aGATE
260 _aIndia
_bPearson
_c2018
942 _cBK